000 00366 a2200121 4500
001 146848
040 _cEscola São Tomás de Aquino
100 _aARAÚJO, Lacarmélio Alfêo de
240 1 0 _aCelton o mistério da caverna
_lpor
245 1 0 _aCelton o mistério da caverna
697 _aCaricaturas, desenho animado, cômico, fotonovelas / Quadrinhos
942 _cBK
999 _c146848
_d146848